La informática en educación, una integración imprescindible. Recuento de una experiencia.

Gespeichert in:
Bibliographische Detailangaben
Körperschaft: LaTorre, Carmen Luz
Weitere Verfasser: González, Luis Eduardo (autor) (autor)
Format: Buch
Sprache:Spanisch
Schlagworte:
Online-Zugang:Ver documento en línea
Tags: Tag hinzufügen
Keine Tags, Fügen Sie das erste Tag hinzu!

MARC

LEADER 00000cam^a2200000uu^4500
001 000529297
005 20260411000000.0
008 052102s2003^^^^^^^^^^^^rd^r^1000^0^spa^d
009 20260411194932.886
035 |a FCE 000073544 
037 |a Acervo ITESO - Biblioteca 
041 |a spa 
095 |a CD 393 
110 |a LaTorre, Carmen Luz 
245 1 3 |a La informática en educación, una integración imprescindible. Recuento de una experiencia.  |h [recurso electrónico] 
264 |a Santiago de Chile :  |b OREALC,  |c 1993. 
300 |a 1 disco compacto (pp. 60-69) :  |c 4 3/4 pulg. 
336 |a texto  |b txt  |2 rdacontenido 
337 |a sin mediación  |b n  |2 rdamedio 
338 |a volumen  |b nc  |2 rdasoporte 
649 |a XX 
650 |a Información sobre educación 
650 |a Informática 
650 |a Servicios de información 
650 |a Sistemas de información 
650 |a Chile 
740 |t En: Boletín del Proyecto Principal. vol. abr.. 1993. 
740 |t Reduc: Documentos electrónicos. 
700 |a González, Luis Eduardo  |e (autor) 
856 4 0 |u https://biblioteca.uahurtado.cl/ujah/reduc/pdf/pdf/6867.pdf  |y Ver documento en línea 
910 |a Fondo Centro de Estudios Educativos 
920 |a Impresos - Libros 
930 |a Fondos Especiales 
905 |a 133 
902 |a https://opac.biblio.iteso.mx/vufind/Record/000529297